| 000 | 00499nam a2200181 a 4500 | ||
|---|---|---|---|
| 005 | 20210223121922.0 | ||
| 008 | 991125c1966 mx 000 0 spa u | ||
| 035 | _aUPN01000026132 | ||
| 049 | _aCG | ||
| 050 | 4 |
_aQA551 R4.38 _b1966 |
|
| 100 | 1 | _aRees, Paul K. | |
| 245 | 1 | 0 |
_aGeometría analítica / _cPaul K. Rees ; tr. Armando Rodríguez N |
| 260 |
_aMéxico : _bReverté Mexicana, _c1966 |
||
| 300 | _a276 p. | ||
| 650 | 4 |
_aGEOMETRIA ANALITICA _924622 |
|
| 904 |
_aAC _b026133 |
||
| 905 | _aLibro | ||
| 999 |
_c26132 _d26132 |
||